000 00782nam0a22002531 4500
001 rc\3002374
005 20250806200708.0
035 _a(NLR Aleph) 007145429
090 _a63447
_c63447
100 _a20110920d1944 u y0rusy50 ca
101 0 _arus
102 _aRU
105 _aa z |||||
200 1 _aГнуторный станок
_fА.А. Лукашев
210 _aМосква
_cГослестехиздат
_d1944
215 _a32 с., 1 л. черт.
_cчерт.
_d21 см
700 1 _aЛукашев
_bА.А.
_gАлексей Алексеевич
801 0 _aRU
_bNLR
_gpsbo
801 1 _aRU
_bELAR
_2rusmarc
852 _aNLR
_jТ50 Г-4/54
942 _cBOOK
945 _aРоссийская национальная библиотека
980 _aNB
980 _aBV